Education policy analysis 2003

Saved in:
Bibliographic Details
Format: Book
Language:English
Published: Paris OECD 2003
Subjects:
Tags: Add Tag
No Tags, Be the first to tag this record!

MARC

LEADER 00000nam a2200000 4500
001 0018905
005 20221129094212.1
020 |a 92-64-10455-0 
041 0 |a eng 
044 |a FR 
245 1 0 |a Education policy analysis 2003 
264 1 |a Paris  |b OECD  |c 2003 
300 |a 111 s. 
610 2 0 |a vzdelávanie 
610 2 0 |a vzdelanie 
610 2 0 |a údaje štatistické medzinárodné 
610 2 0 |a porovnanie medzinárodné 
610 2 0 |a politika verejná 
610 2 0 |a analýzy 
610 2 0 |a investovanie 
610 2 0 |a svet